000
00328nam a2200145Ia 4500
008
150201s2006 xx 000 0 und d
082
_a
617.645
_b
P2006M
100
_a
MUTHU
245
_a
PEDIATRIC DENTISTRY
250
_a
1ST
260
_b
ELSEVIER
_a
DELHI
_c
2006
300
_a
1-307
650
_a
PEDODONTICS
942
_2
ddc
_c
BK
999
_c
3860
_d
3860